[Event "Steinfurt Bezirksklasse 1819"]
[Site "Germany"]
[Date "2019.02.02"]
[Round "5.2"]
[White "Schmalbrock, Andreas"]
[Black "Hepe, Henning"]
[Result "1-0"]
[WhiteElo "1342"]
[BlackElo "1183"]
[PlyCount "47"]
[EventDate "2018.09.29"]
[EventType "team-tourn"]
[EventRounds "7"]
[EventCountry "GER"]
[SourceTitle "EXT 2020"]
[Source "ChessBase"]
[SourceDate "2019.10.17"]
[SourceVersion "1"]
[SourceVersionDate "2019.10.17"]
[SourceQuality "1"]
[WhiteTeam "Nordwalde II"]
[BlackTeam "Steinfurt IV"]
[WhiteTeamCountry "GER"]
[BlackTeamCountry "GER"]

1. e4 e5 2. Nf3 Nc6 3. Bc4 Bc5 4. d3 d6 5. h3 Be6 6. Nc3 Nf6 7. Bg5 Nd4 8. Nd5 Bxd5 9. Bxd5 c6 10. Bb3 Nxb3 11. axb3 h6 12. Bh4 d5 13. Nxe5 Bd4 14. Ng4 Bxb2 15. 0-0 g5 16. Nxf6+ Bxf6 17. Bg3 Bxa1 18. Qxa1 Rg8 19. exd5 Qxd5 20. Re1+ Kd7 21. Re5 Qd6 22. Rf5 Qe6 23. Qd4+ Ke7 24. Re5 1-0

[Event "Steinfurt Bezirksklasse 1819"]
[Site "Germany"]
[Date "2018.09.29"]
[Round "1.3"]
[White "Schmalbrock, Andreas"]
[Black "Winkelsett, Carsten"]
[Result "1/2-1/2"]
[WhiteElo "1342"]
[BlackElo "1557"]
[PlyCount "43"]
[EventDate "2018.09.29"]
[EventType "team-tourn"]
[EventRounds "7"]
[EventCountry "GER"]
[SourceTitle "EXT 2020"]
[Source "ChessBase"]
[SourceDate "2019.10.17"]
[SourceVersion "1"]
[SourceVersionDate "2019.10.17"]
[SourceQuality "1"]
[WhiteTeam "Nordwalde II"]
[BlackTeam "Reckenfeld II"]
[WhiteTeamCountry "GER"]
[BlackTeamCountry "GER"]

1. e4 c5 2. Nc3 Nc6 3. Nf3 e6 4. Bc4 Nf6 5. 0-0 Be7 6. d3 d5 7. exd5 exd5 8. Bb5 Bd7 9. Bg5 0-0 10. h3 a6 11. Bxc6 Bxc6 12. Ne5 Rc8 13. Nxc6 Rxc6 14. Re1 h6 15. Bh4 b5 16. Qf3 Re6 17. Bxf6 Rxe1+ 18. Rxe1 Bxf6 19. Nxd5 Bxb2 20. c3 Re8 21. Rxe8+ Qxe8 22. Kf1 1/2-1/2

[Event "Steinfurt Bezirksklasse 1617"]
[Site "Germany"]
[Date "2017.05.27"]
[Round "10.3"]
[White "Altenaehr, Johannes"]
[Black "Schmalbrock, Andreas"]
[Result "1/2-1/2"]
[WhiteElo "1370"]
[BlackElo "1381"]
[PlyCount "76"]
[EventDate "2016.09.17"]
[EventType "team"]
[EventRounds "10"]
[EventCountry "GER"]
[SourceTitle "EXT 2018"]
[Source "ChessBase"]
[SourceDate "2017.10.13"]
[SourceVersion "1"]
[SourceVersionDate "2017.10.13"]
[SourceQuality "1"]
[WhiteTeam "Rheine CC"]
[BlackTeam "Nordwalde II"]
[WhiteTeamCountry "GER"]
[BlackTeamCountry "GER"]

1. Nf3 Nc6 2. g3 e5 3. e4 Nf6 4. Nc3 d6 5. Bg2 Bg4 6. d3 h6 7. Be3 Be7 8. 0-0 0-0 9. Qd2 Qd7 10. d4 Bxf3 11. Bxf3 Qh3 12. Bg2 Qh5 13. f3 Rad8 14. d5 Na5 15. b3 b6 16. Nb5 Nh7 17. Nxc7 Ng5 18. Bxg5 Bxg5 19. Qd3 Rd7 20. Na6 Qg6 21. Bh3 Re7 22. Nb4 Nb7 23. Nc6 Rc7 24. b4 a5 25. a3 h5 26. Qb5 h4 27. Qxb6 hxg3 28. hxg3 Bf4 29. g4 Rd7 30. Kg2 Qh6 31. Qf2 Be3 32. Qg3 Bf4 33. Qe1 Bd2 34. Qe2 Bf4 35. Rh1 Qh4 36. Qf2 Qg5 37. Kf1 Be3 38. Qe2 Ra8 1/2-1/2

[Event "Steinfurt Bezirksklasse 1617"]
[Site "Germany"]
[Date "2017.03.11"]
[Round "7.3"]
[White "Ortmeier, Peter"]
[Black "Schmalbrock, Andreas"]
[Result "1-0"]
[WhiteElo "1594"]
[BlackElo "1381"]
[PlyCount "66"]
[EventDate "2016.09.17"]
[EventType "team"]
[EventRounds "10"]
[EventCountry "GER"]
[SourceTitle "EXT 2018"]
[Source "ChessBase"]
[SourceDate "2017.10.13"]
[SourceVersion "1"]
[SourceVersionDate "2017.10.13"]
[SourceQuality "1"]
[WhiteTeam "Emsdetten Rochade VI"]
[BlackTeam "Nordwalde II"]
[WhiteTeamCountry "GER"]
[BlackTeamCountry "GER"]

1. e4 e5 2. Nf3 Nc6 3. Bc4 Bc5 4. 0-0 Nf6 5. d4 Nxd4 6. Nxe5 0-0 7. Be3 Ne6 8. Bxe6 Bxe3 9. Bxf7+ Kh8 10. fxe3 d6 11. Ng6+ hxg6 12. Bxg6 Ng4 13. Rf3 Bd7 14. Qd5 Qe7 15. Nc3 c6 16. Qh5+ Nh6 17. h3 Rxf3 18. gxf3 Rf8 19. Rf1 d5 20. a3 Qd6 21. f4 Rf6 22. Be8 Re6 23. Bxd7 Qxd7 24. Rd1 Qd6 25. Kf2 Qf8 26. exd5 cxd5 27. Qxd5 Qf7 28. Qd8+ Re8 29. Qg5 Qe6 30. Qe5 Qg6 31. Qd4 Nf5 32. Rg1 Qh5 33. Qd3 Qxh3 1-0

[Event "Steinfurt Bezirksklasse 1617"]
[Site "Germany"]
[Date "2017.02.04"]
[Round "6.3"]
[White "Schmalbrock, Andreas"]
[Black "Schmiemann, Karlheinz"]
[Result "0-1"]
[WhiteElo "1381"]
[BlackElo "1383"]
[PlyCount "98"]
[EventDate "2016.09.17"]
[EventType "team"]
[EventRounds "10"]
[EventCountry "GER"]
[SourceTitle "EXT 2018"]
[Source "ChessBase"]
[SourceDate "2017.10.13"]
[SourceVersion "1"]
[SourceVersionDate "2017.10.13"]
[SourceQuality "1"]
[WhiteTeam "Nordwalde II"]
[BlackTeam "Rheine Klein Berlin III"]
[WhiteTeamCountry "GER"]
[BlackTeamCountry "GER"]

1. e4 e5 2. Nf3 Nc6 3. Bc4 Bc5 4. c3 Nf6 5. d3 d6 6. h3 Be6 7. Bb5 0-0 8. a4 a6 9. Bxc6 bxc6 10. 0-0 a5 11. Bg5 h6 12. Bh4 Rb8 13. Qd2 Rb7 14. d4 exd4 15. cxd4 Bb4 16. Nc3 g5 17. Nxg5 Nxe4 18. Ngxe4 Qxh4 19. Qe3 Bf5 20. Rae1 d5 21. Qg3+ Qxg3 22. Nxg3 Bg6 23. Re3 Bd6 24. Nd1 Bc2 25. Rc3 Bxa4 26. Rxc6 Bxc6 27. Nf5 Kh7 28. g4 Bf4 29. Ne7 Bb5 30. Re1 c6 31. Nc3 Re8 32. Nxb5 cxb5 33. Ra1 Rexe7 34. Rxa5 Re2 35. Kg2 Rxb2 36. Kf3 Bg5 37. Ra1 Rd2 38. Re1 Rxd4 39. Re5 b4 40. Rf5 b3 41. Kg3 b2 42. h4 Bf4+ 43. Rxf4 Rxf4 44. Kxf4 b1Q 45. f3 Re7 46. g5 hxg5+ 47. hxg5 Kg6 48. Kg3 Qg1+ 49. Kf4 Qxg5# 0-1

[Event "Steinfurt Bezirksklasse 1617"]
[Site "Germany"]
[Date "2017.01.14"]
[Round "5.3"]
[White "Schmalbrock, Andreas"]
[Black "Altenaehr, Johannes"]
[Result "1-0"]
[WhiteElo "1381"]
[BlackElo "1370"]
[PlyCount "107"]
[EventDate "2016.09.17"]
[EventType "team"]
[EventRounds "10"]
[EventCountry "GER"]
[SourceTitle "EXT 2018"]
[Source "ChessBase"]
[SourceDate "2017.10.13"]
[SourceVersion "1"]
[SourceVersionDate "2017.10.13"]
[SourceQuality "1"]
[WhiteTeam "Nordwalde II"]
[BlackTeam "Rheine CC"]
[WhiteTeamCountry "GER"]
[BlackTeamCountry "GER"]

1. e4 d6 2. Nc3 Nc6 3. h3 e5 4. Nf3 g6 5. d4 exd4 6. Nxd4 Bg7 7. Bb5 Bd7 8. Be3 Nf6 9. Qf3 0-0 10. 0-0 Re8 11. Rfe1 Ne5 12. Qd1 c6 13. Bd3 c5 14. Nf3 Nxf3+ 15. Qxf3 Bc6 16. Bg5 h6 17. Bh4 g5 18. Bg3 Qd7 19. Re3 b5 20. Rd1 c4 21. Bf1 Re6 22. Qf5 Nh5 23. Bh2 Rd8 24. h4 Rf6 25. Qxd7 Rxd7 26. Be2 Nf4 27. Bg4 Rd8 28. e5 Rg6 29. h5 Nxg2 30. hxg6 Nxe3 31. gxf7+ Kxf7 32. e6+ Ke8 33. fxe3 Ke7 34. Nd5+ Bxd5 35. Rxd5 a6 36. Rf5 Kxe6 37. Rf8+ Ke7 38. Rxd8 Kxd8 39. Bxd6 Bxb2 40. Bf8 Bf6 41. Bxh6 Kc7 42. Kf1 Kc6 43. Bf8 a5 44. Bf3+ Kb6 45. a3 Bc3 46. Bd1 b4 47. a4 Bf6 48. Kf2 Kc6 49. Bf3+ Kd7 50. Bd5 c3 51. e4 Be5 52. Kf3 Bf4 53. Bc4 Bc7 54. Kg4 1-0

[Event "Steinfurt Bezirksklasse 1516"]
[Site "Germany"]
[Date "2016.04.09"]
[Round "8.1"]
[White "Ortmeier, Peter"]
[Black "Schmalbrock, Andreas"]
[Result "1-0"]
[WhiteElo "1653"]
[BlackElo "1390"]
[PlyCount "91"]
[EventDate "2015.09.05"]
[EventType "team-tourn"]
[EventRounds "9"]
[EventCountry "GER"]
[SourceTitle "EXT 2017"]
[Source "ChessBase"]
[SourceDate "2016.10.25"]
[SourceVersion "1"]
[SourceVersionDate "2016.10.25"]
[SourceQuality "1"]
[WhiteTeam "Emsdetten Rochade VI"]
[BlackTeam "Nordwalde II"]
[WhiteTeamCountry "GER"]
[BlackTeamCountry "GER"]

1. e4 e5 2. Nf3 Nc6 3. Bc4 Bc5 4. c3 Nf6 5. d3 h6 6. 0-0 0-0 7. Bb3 d6 8. Bc2 Bg4 9. Nbd2 a6 10. Re1 Bh5 11. h3 Re8 12. Nf1 Qe7 13. Ng3 Rad8 14. Be3 d5 15. Nxh5 Nxh5 16. exd5 Rxd5 17. Bb3 Rd7 18. d4 Qd8 19. d5 Bxe3 20. Rxe3 Nf4 21. c4 Qf6 22. Qe1 Na5 23. Qxa5 Qg6 24. Ne1 Rd6 25. Bd1 Rf6 26. Qa4 Re7 27. Qc2 e4 28. Rg3 Qf5 29. Bg4 Qe5 30. Qc3 Qd6 31. Qe3 h5 32. Bd1 Rf5 33. Qd4 Ree5 34. Rc1 Rg5 35. Rcc3 Qb4 36. Rxg5 Rxg5 37. Qxe4 Qxb2 38. Qe8+ Kh7 39. Bc2+ f5 40. Rg3 Qf6 41. Qe3 Rxg3 42. fxg3 Ng6 43. Qd3 Qb6+ 44. Kh2 h4 45. Qxf5 hxg3+ 46. Kh1 1-0

[Event "Steinfurt Bezirksklasse 1516"]
[Site "Germany"]
[Date "2015.12.05"]
[Round "4.1"]
[White "Schmalbrock, Andreas"]
[Black "Winkelsett, Carsten"]
[Result "1/2-1/2"]
[WhiteElo "1390"]
[BlackElo "1548"]
[PlyCount "75"]
[EventDate "2015.09.05"]
[EventType "team-tourn"]
[EventRounds "9"]
[EventCountry "GER"]
[SourceTitle "EXT 2017"]
[Source "ChessBase"]
[SourceDate "2016.10.25"]
[SourceVersion "1"]
[SourceVersionDate "2016.10.25"]
[SourceQuality "1"]
[WhiteTeam "Nordwalde II"]
[BlackTeam "Reckenfeld II"]
[WhiteTeamCountry "GER"]
[BlackTeamCountry "GER"]

1. e4 c5 2. Nc3 Nc6 3. Nf3 d6 4. h3 Nf6 5. Bb5 Bd7 6. d3 e6 7. 0-0 Be7 8. Re1 0-0 9. Bg5 h6 10. Bh4 a6 11. Ba4 b5 12. Bb3 Na5 13. e5 dxe5 14. Nxe5 Nxb3 15. axb3 Nd5 16. Bxe7 Nxe7 17. Qf3 Qc8 18. Qg4 Nc6 19. Nxd7 Qxd7 20. Ne4 Qe7 21. Ng3 Nd4 22. Rac1 Rad8 23. Nh5 Qg5 24. Qxg5 hxg5 25. Ng3 f5 26. Ne2 Kf7 27. Nxd4 Rxd4 28. Re5 Rd5 29. Rce1 Re8 30. Kh2 Re7 31. Kg3 Kf6 32. Rxd5 exd5 33. Rxe7 Kxe7 34. f4 gxf4+ 35. Kxf4 Kf6 36. h4 b4 37. c3 a5 38. c4 1/2-1/2

[Event "Steinfurt Bezirksklasse 1213"]
[Site "Germany"]
[Date "2012.11.03"]
[Round "2.7"]
[White "Schmalbrock, Andreas"]
[Black "Erber, Georg"]
[Result "1/2-1/2"]
[WhiteElo "1230"]
[BlackElo "1070"]
[PlyCount "52"]
[EventDate "2012.09.29"]
[EventType "team-tourn"]
[EventRounds "9"]
[EventCountry "GER"]
[SourceTitle "EXT 2015"]
[Source "ChessBase"]
[SourceDate "2014.11.20"]
[SourceVersion "1"]
[SourceVersionDate "2014.11.20"]
[SourceQuality "1"]
[WhiteTeam "Nordwalde II"]
[BlackTeam "Saerbeck III"]
[WhiteTeamCountry "GER"]
[BlackTeamCountry "GER"]

1. e4 e5 2. Nf3 Nc6 3. Bc4 d6 4. h3 a6 5. a4 h6 6. 0-0 Bd7 7. d3 b5 8. axb5 axb5 9. Rxa8 Qxa8 10. Bxb5 Qd8 11. Nc3 Na7 12. Bc4 Nf6 13. Be3 Nc6 14. d4 exd4 15. Nxd4 Be7 16. Nd5 Ne5 17. Bd3 0-0 18. b4 c5 19. bxc5 dxc5 20. Nxf6+ Bxf6 21. Nf3 Qc7 22. Bf4 Nxf3+ 23. Qxf3 Be5 24. Be3 c4 25. Be2 Rb8 26. c3 Bxc3 1/2-1/2

[Event "Steinfurt Bezirksliga 1112"]
[Site "Germany"]
[Date "2012.06.02"]
[Round "9.7"]
[White "Schmidt, Frank1"]
[Black "Schmalbrock, Andreas"]
[Result "1-0"]
[WhiteElo "1643"]
[BlackElo "1234"]
[PlyCount "57"]
[EventDate "2011.10.01"]
[EventType "team-tourn"]
[EventRounds "9"]
[EventCountry "GER"]
[SourceTitle "EXT 2013"]
[Source "ChessBase"]
[SourceDate "2012.11.22"]
[SourceVersion "1"]
[SourceVersionDate "2012.11.22"]
[SourceQuality "1"]
[WhiteTeam "Emsdetten Rochade II"]
[BlackTeam "Nordwalde II"]
[WhiteTeamCountry "GER"]
[BlackTeamCountry "GER"]

1. d4 d5 2. c4 Nf6 3. Nf3 Nc6 4. Nc3 e6 5. a3 b6 6. b4 Bd6 7. e3 0-0 8. Be2 h6 9. 0-0 Ne7 10. c5 Ne4 11. Qc2 bxc5 12. bxc5 Nxc5 13. dxc5 Bxc5 14. Rb1 Bd6 15. Nb5 e5 16. Nxd6 Qxd6 17. Qc3 Qg6 18. Qb4 Bf5 19. Nxe5 Qe6 20. Nd3 Nc6 21. Qd2 Ne5 22. Nf4 Qd6 23. Rb3 Rfd8 24. Bb2 Nd7 25. Qc3 Nf6 26. Qe5 Qd7 27. Rb7 Rac8 28. Bb5 Qe6 29. Nxe6 1-0

[Event "Steinfurt Bezirksklasse 1011"]
[Site "Germany"]
[Date "2010.09.25"]
[Round "1.6"]
[White "Schmalbrock, Andreas"]
[Black "Roos, Philipp"]
[Result "0-1"]
[WhiteElo "1291"]
[BlackElo "1270"]
[PlyCount "70"]
[EventDate "2010.09.25"]
[EventType "team-tourn"]
[EventRounds "9"]
[EventCountry "GER"]
[SourceTitle "EXT 2012"]
[Source "ChessBase"]
[SourceDate "2011.11.24"]
[SourceVersion "1"]
[SourceVersionDate "2011.11.24"]
[SourceQuality "1"]
[WhiteTeam "Nordwalde II"]
[BlackTeam "Saerbeck III"]
[WhiteTeamCountry "GER"]
[BlackTeamCountry "GER"]

1. e4 e5 2. Nf3 Nc6 3. Bc4 Bc5 4. 0-0 Nf6 5. d3 0-0 6. Bg5 d6 7. h3 h6 8. Bh4 Be6 9. Nc3 a6 10. a3 b5 11. Bd5 Bd7 12. Ba2 Be6 13. Bd5 Bd7 14. b4 Bb6 15. Rb1 Rb8 16. Bb3 Be6 17. Bd5 Nd4 18. Nh2 c6 19. Bxe6 Nxe6 20. Ng4 Kh7 21. Nxf6+ gxf6 22. Ne2 Rg8 23. Ng3 Nf4 24. Kh1 Rg6 25. Rg1 Bxf2 26. Rf1 Bxg3 27. Bxg3 Rxg3 28. Rf2 Qg8 29. Qd2 Qg5 30. Rg1 Qh4 31. Rxf4 exf4 32. Kh2 Rbg8 33. e5 fxe5 34. Qe2 f5 35. Qf2 Rxh3+ 0-1

[Event "Steinfurt Bezirksklasse 0910"]
[Site "Germany"]
[Date "2010.02.06"]
[Round "4.8"]
[White "Schulte, Rainer"]
[Black "Schmalbrock, Andreas"]
[Result "1-0"]
[WhiteElo "1472"]
[BlackElo "1293"]
[PlyCount "99"]
[EventDate "2009.09.26"]
[EventType "team-tourn"]
[EventRounds "7"]
[EventCountry "GER"]
[SourceTitle "EXT 2011"]
[Source "ChessBase"]
[SourceDate "2010.11.26"]
[SourceVersion "1"]
[SourceVersionDate "2010.11.26"]
[SourceQuality "1"]
[WhiteTeam "Emsdetten Rochade III"]
[BlackTeam "Nordwalde II"]
[WhiteTeamCountry "GER"]
[BlackTeamCountry "GER"]

1. Nf3 Nc6 2. g3 e5 3. e4 Bc5 4. Bg2 Nf6 5. d3 h6 6. 0-0 0-0 7. Nbd2 d6 8. a3 a5 9. Qe1 Be6 10. c4 Nd4 11. Nxd4 Bxd4 12. Nf3 Bc5 13. Be3 Bg4 14. Bxc5 dxc5 15. Nxe5 Be6 16. Qe2 Qd6 17. f4 Rab8 18. a4 Rfe8 19. Nf3 Bg4 20. h3 Bxf3 21. Qxf3 Qd4+ 22. Kh2 Qxb2 23. e5 Nh7 24. Rab1 Qd4 25. Rxb7 Rxb7 26. Qxb7 Qxd3 27. Qxc7 Qxc4 28. Qxa5 Nf8 29. Qb5 Qxb5 30. axb5 Rb8 31. Bc6 Ne6 32. Rc1 g6 33. Bd7 Rd8 34. Bxe6 Rd2+ 35. Kg1 fxe6 36. Rxc5 Rb2 37. Rc6 Rb1+ 38. Kf2 Rb2+ 39. Kf3 Rb3+ 40. Kg4 Rxb5 41. Rxe6 Kf7 42. Rf6+ Kg7 43. h4 h5+ 44. Kg5 Rb3 45. Rxg6+ Kf7 46. Kxh5 Rb5 47. Kg5 Ra5 48. h5 Ra3 49. g4 Ra5 50. h6 1-0

[Event "Steinfurt Bezirksklasse 0405"]
[Site "Germany"]
[Date "2004.09.18"]
[Round "1.8"]
[White "Schmalbrock, Andreas"]
[Black "Maske, Kristina"]
[Result "1-0"]
[WhiteElo "1225"]
[BlackElo "997"]
[PlyCount "75"]
[EventDate "2004.09.18"]
[EventType "team-tourn"]
[EventRounds "11"]
[EventCountry "GER"]
[SourceTitle "EXT 2006"]
[Source "ChessBase"]
[SourceDate "2005.11.24"]
[SourceVersion "1"]
[SourceVersionDate "2005.11.24"]
[SourceQuality "1"]
[WhiteTeam "Nordwalde III"]
[BlackTeam "Westerkappeln II"]
[WhiteTeamCountry "GER"]
[BlackTeamCountry "GER"]

1. e4 e5 2. Nf3 Nc6 3. Bb5 Nf6 4. Bxc6 bxc6 5. d3 d6 6. 0-0 Be7 7. d4 Nxe4 8. dxe5 d5 9. c4 0-0 10. Nc3 Nxc3 11. bxc3 f6 12. exf6 Bxf6 13. Ba3 Be7 14. Bxe7 Qxe7 15. cxd5 Qc5 16. dxc6 Qxc6 17. Qd3 Bg4 18. Ne5 Qe6 19. Nxg4 Qxg4 20. Qd5+ Kh8 21. f3 Qg6 22. Qe4 Qg5 23. Rae1 Rae8 24. Qxe8 Qc5+ 25. Qe3 Qd6 26. Qe7 Qd8 27. Qxd8 Rxd8 28. Re7 h5 29. Rxc7 a6 30. Ra7 Kh7 31. f4 Kh6 32. Rxa6+ g6 33. f5 Rg8 34. f6 Rf8 35. a4 Kg5 36. Rb6 h4 37. h3 Rf7 38. a5 1-0